| 000 | 00809nam a2200265 i 4500 | ||
|---|---|---|---|
| 001 | 3705620 | ||
| 003 | ARRUPE | ||
| 005 | 20161007115403.0 | ||
| 008 | 790529s1978 enka 000 0 eng | ||
| 010 | _a 79305650 | ||
| 015 | _aGB78-37762 | ||
| 020 |
_a0600336204 : _c£4.95 |
||
| 040 |
_aDLC _cDLC _dDLC |
||
| 050 | 0 | 0 | _aL UG1242.F5 |
| 082 | 0 | 0 | _a623.74/64/0904 |
| 100 | 1 |
_aGunston, Bill. _926595 |
|
| 245 | 1 | 0 |
_aFighters / _bprofiles of major combat aircraft in aviation history _cby Bill Gunston. |
| 260 |
_aNew York : _bHamlyn, _c1978. |
||
| 300 |
_a160 p.; _bill. (some col.) ; _c29 cm. |
||
| 490 | 0 | _aClassic aircraft | |
| 650 | 0 |
_aFighter planes _xHistory. _926596 |
|
| 650 | 0 |
_aAir warfare _xHistory. _926597 |
|
| 906 |
_a7 _bcbc _corignew _d4 _encip _f19 _gy-gencatlg |
||
| 942 |
_2lcc _cMONOGRAPH |
||
| 999 |
_c125466 _d125466 |
||